THE DINER - Billie Eilish - Statistics

General Stats
  • This quiz has been taken 256 times
  • The average score is 237 of 346
Answer Stats
Hint Answer % Correct
Bridge | Chorus | Verse 1 | Verse 2 I
97%
(I
97%
the
97%
Chorus The
97%
a
95%
me
94%
me)
94%
you
94%
You
94%
be
91%
Intro Don't
90%
don't
90%
(Don't
90%
to
89%
on
88%
of
85%
afraid
84%
in
84%
In
84%
know
83%
Post-Chorus (Know
83%
my
83%
your
83%
saw
82%
And
81%
and
81%
call
81%
I'm
81%
(I'm
81%
when
79%
cops
78%
lookin'
78%
at
77%
go
76%
just
76%
Just
76%
(Just
76%
You're
76%
(You're
76%
"You're
76%
it
75%
Was
75%
was
75%
could
74%
Could
74%
right
74%
right"
74%
they
74%
They
74%
(They
74%
please
72%
wife
72%
(Wife
72%
wife)
72%
need
70%
so
70%
what
70%
for
69%
get
69%
I'll
69%
(I'll
69%
into
69%
wanna
69%
feet
68%
kitchen
68%
stop
68%
talk
68%
talk)
68%
leave
67%
that
67%
waitin'
67%
we're
67%
But
66%
but
66%
corner
66%
kiss
66%
say
66%
car
65%
change
65%
fight
65%
(Fight)
65%
meant
65%
you'll
65%
goodnight
64%
left
64%
life
64%
magazines
64%
around
63%
Pre-Chorus Bet
63%
bet
63%
came
63%
eat
63%
make
63%
somethin'
63%
would
63%
They'll
62%
block
61%
block)
61%
card
61%
dreams
60%
here
60%
calling
59%
clock
57%
something
57%
waited
57%
diner
56%
easy
56%
starrin'
56%
'til
56%
back
55%
tried
55%
landed
52%
screens
52%
over
51%
through
50%
getting
49%
another
47%
letter
47%
letter)
47%
write
47%
hope
46%
sitter
46%
Two
46%
(Two
46%
Outro(numbers) 3
44%
9
44%
better
44%
0
43%
1
43%
5
43%
6
43%
7
43%
8
43%
can
43%
crazy
43%
crazy)
43%
dollar
43%
dollar)
43%
failed
43%
fifty
43%
told
43%
read
42%
thousand
42%
time
42%
now
41%
this
39%
knocked
38%
save
38%
bring
37%
number
37%
off
37%
bail
35%
If
35%
stopped
35%
up
35%
happens
34%
mail
34%
mail)
34%
with
34%
him
33%
someone
33%
else
32%
hundred
32%
jail
32%
jail)
32%
veil
31%
veil)
31%
come
30%
visit
30%
(Visit
30%
away
29%
discrete
29%
memorized
29%
couldn't
28%
sleep
28%
While
27%
all
25%
end
20%
No matching quizzes found
Score Distribution
Percent of People with Each Score
Percentile by Number Answered
Your Score History
You have not taken this quiz